Open Data Biblioteca Nacional de Portugal


República Portuguesa: Ministério da Cultura
Biblioteca Nacional de Portugal

Catálogo da BNP: acesso por Identificadores Unívocos
Registos Bibliográficos associados ao registo de autoridade

Etiqueta de registo: 00000nkm 2200025 450
001 2282286
003 http://id.bnportugal.gov.pt/bib/catbnp/2282286
100 ## $a20260320d1981 m y0pory01030103ba
101 0# $apor
102 ## $aPT
200 1# $aJornadas sobre «Barreiras Arquicturais na Integração Social do Deficiente», Estoril, 20, 21 e 22 de novembro de 1981, Ano Internacional do Deficiente$bVisual gráfico]$fMunicípio de Cascais$gAbegão 81
210 #9 $aCascais$cCâmara Municipal de Cascais,$d1981
215 ## $a1 cartaz$ccolor.$d68,3x48 cm
317 ## $aColeção Madeira Luís
702 #1 $aAbegão$4410$31992865
710 02 $aCâmara Municipal de Cascais$34253
801 #0 $aPT$bBN$gRPC
966 ## $lBN$mICONOG$sCT. 25689 A.$x3
971 ## $cCaticonografia9$d20260320
995 ## $aPRR2026

OpendataBNP@bnportugal.pt | Mais informação sobre acesso aos dados BNP